000 00556cam a2200217ua 4500
020 _c57.00
041 _aeng
_h
082 _a636.085
_bMAY/AN
100 _aMaynard, Leonard.A .
245 _aAnimal Nutrition /
_cA.Leonard Maynard.
_hTextual Documents
250 _a7 /
_b.
260 _a :
_bTata Mc-Graw Hill Publishing Company ,
_c1985.
300 _a602 ; .
365 _a57.00
504 _a
700 1 _aHintz, Harold.F .
700 1 _aLoosli, John.K .
700 1 _aWarner, Richard.G .
942 _cBK
999 _c1510
_d1510